| 000 | 01376nam a22002777a 4500 | ||
|---|---|---|---|
| 003 | AM-YEHGA | ||
| 005 | 20250617164811.0 | ||
| 008 | 220408s1962 ru ae|||r|||||001|0|rus|| | ||
| 040 | _aAM-YeHGA | ||
| 041 | 0 | _arus | |
| 100 | 1 | _aКлимовицкий, А. М. | |
| 245 | 1 | 0 |
_aМеханизация и автоматизация комплексов обмена вагонеток / _cА. М. Климовицкий, В. В. Крючков, Г. М. Эрлих. |
| 260 |
_aМосква : _bБ. и., _c1962 |
||
| 300 |
_a56 с., [1] л. черт. : _bил. ; _c21 см. |
||
| 490 | 0 | _aГорнодобывающая промышленность / Гос. ком. Совета Министров СССР по черной и цвет. металлургии. Центр. ин-т информации цвет. металлургии | |
| 500 | _aАвт. указаны на обороте тит. л. | ||
| 504 | _aБиблиогр.: с. 55 | ||
| 650 | 1 | 4 | _aГорное дело |
| 650 | 1 | 4 |
_aРудничная откатка _xОбмен вагонеток _xМеханизация |
| 653 | 0 | _aРудничная откатка - Обмен вагонеток - Автоматизация | |
| 700 | 1 | _aКрючков, В. В. | |
| 700 | 1 | _aЭрлих, Георгий Михайлович | |
| 942 |
_2udc _cBK |
||
| 001 | 1828210 | ||
| 090 | _c568201 | ||
| 999 |
_c529716 _d529716 |
||